| Поле | Название | Значение |
| |
Тип записи |
a |
| |
Библиографический уровень |
c |
| 001 |
Контрольный номер |
RU/IS/BASE/516730766 |
| 005 |
Дата корректировки |
20201206204438.2 |
| 010 |
Индекс ISBN |
__ |
| d |
Цена |
1-55 |
| 101 |
Язык документа |
__ |
| a |
Язык текста |
rus |
| c |
Язык оригинала |
rus |
| 200 |
Заглавие и сведения об ответственности |
1_ |
| a |
Заглавие |
Рассказы, 1917-1928 |
| e |
Сведения, относящиеся к заглавию |
в 8 т. |
| f |
Первые сведения об ответственности |
Всеволод Иванов ; под ред.: Т. В. Ивановой и др. ; [подгот. текста и коммент. Е. Краснощековой] |
| b |
Общее обозначение материала |
Текст |
| 210 |
Выходные данные |
__ |
| a |
Место издания |
М. |
| c |
Издательство |
Худож. лит. |
| d |
Дата издания |
1974 |
| 215 |
Физическое описание |
__ |
| a |
Объем |
630, [2] с. |
| 327 |
Примечание о содержании |
__ |
| a |
Примечание о содержании |
По Иртышу |
| 461 |
Уровень набора |
__ |
| 1 |
|
2001 |
| a |
|
Собрание сочинений |
| v |
|
Т. 2 |
| 606 |
Тематические рубрики |
__ |
| a |
Основная рубрика |
Художественная литература |
| z |
Хронологическая подрубрика |
20 в. |
| y |
Географическая подрубрика |
Россия; СССР |
| 606 |
Тематические рубрики |
__ |
| a |
Основная рубрика |
Русская литература XX в. (произведения) |
| 610 |
Ключевые слова |
__ |
| a |
Ключевые слова |
прозаики; проза; персоналии; рассказы; тема войны; тема деревни; тема города; тема революции; советская литература |
| 686 |
Индексы других классификаций |
__ |
| a |
Классификационный индекс |
84(2Рос=Рус)6-4 |
| 700 |
Автор |
_1 |
| a |
Фамилия |
Иванов |
| b |
Имя |
В. В. |
| g |
Полное личное имя |
Всеволод Вячеславович |
| 4 |
Код отношения |
070 |
| 702 |
Вторичная интеллектуальная ответственность |
_1 |
| a |
Фамилия |
Иванова |
| b |
Имя |
Т. В. |
| 4 |
Код отношения |
Редактор |
| 4 |
Код отношения |
340 |
| 702 |
Вторичная интеллектуальная ответственность |
_1 |
| a |
Фамилия |
Пузиков |
| b |
Имя |
А. И. |
| 4 |
Код отношения |
Редактор |
| 4 |
Код отношения |
340 |
| 702 |
Вторичная интеллектуальная ответственность |
_1 |
| a |
Фамилия |
Сартаков |
| b |
Имя |
С. В. |
| 4 |
Код отношения |
Редактор |
| 4 |
Код отношения |
340 |
| 702 |
Вторичная интеллектуальная ответственность |
_1 |
| a |
Фамилия |
Краснощекова |
| b |
Имя |
Е. |
| 4 |
Код отношения |
Автор предисловия и т.д. |
| 4 |
Код отношения |
080 |
| 4 |
Код отношения |
220 |
| 801 |
Источник записи |
_0 |
| a |
Страна |
RU |
| b |
Организация |
Муниципальное бюджетное учреждение культуры "Централизованная библиотечная система" г. Сургут (Центральная городская библиотека им. А. С. Пушкина) |
| g |
Правила каталогизации |
КиК/Поспелова |
| 801 |
Источник записи |
_1 |
| a |
Страна |
RU |
| b |
Организация |
Муниципальное бюджетное учреждение культуры "Централизованная библиотечная система" г. Сургут (Центральная городская библиотека им. А. С. Пушкина) |
| g |
Правила каталогизации |
КиК/Поспелова |
| 852 |
Данные о местонахождении |
__ |
| j |
Шифр хранения |
84(2Рос=Рус)6-4 |
| c |
Каталожный индекс |
84(2Рос=Рус)6-4 |
| i |
Авторский знак |
И 20 |
| p |
Инвентарный номер |
22939(с); 22940(с) |
| 901 |
Тип документа |
1_ |
| t |
Тип документа |
x |
| 903 |
Характеристики (МАРС) |
__ |
| a |
Дата передачи |
20061127 |
| 969 |
Тип издания |
__ |
| a |
Тип издания |
сборник |
| 990 |
Данные о заказе (DOS) |
__ |
| j |
Количество экземпляров (DOS) |
2 |
| t |
N записи в КСУ для И/У (DOS) |
ретро |